| 000 | 00657nam a2200229 i 4500 | ||
|---|---|---|---|
| 001 | 8990 | ||
| 003 | ES-MaACL | ||
| 005 | 20250830221253.0 | ||
| 007 | t| | ||
| 008 | 930127s1992 sp |||| |bspa d | ||
| 080 | _a929 Williams, John | ||
| 080 | _a917.3 | ||
| 100 | 1 |
_aWilliams, John. _9116935 |
|
| 245 | 1 | 0 |
_aViaje al sueño americano / _cJohn Williams ; [traducción, Pilar Aguilar]. |
| 260 |
_aValencia : _bDebats, _ccop. 1992. |
||
| 300 |
_a375 p. ; _c20 cm. |
||
| 600 | 1 | 4 |
_aWilliams, John. _9116935 |
| 651 | 4 |
_aEstados Unidos- _xDescripción _98538 |
|
| 700 | 1 |
_aAguilar, Pilar. _918706 |
|
| 852 |
_aES-MaACL _jL-16529 |
||
| 999 |
_c8990 _d8990 |
||